Comarcas oficiales de Navarra - Estadísticas

Estadísticas generales
  • Esta prueba ha sido intentada 91 veces
  • La puntuación promedio es 8 de 14
Respuestas en el mapa
Las respuestas están codificadas por una escala verde-roja en el mapa de la prueba según el % correcto abajo.
 
Estadísticas de respuestas
Respuesta % Correcto
Baztán-Bidasoa
81%
Pirineo
79%
Área Metropolitana
77%
Ribera
69%
Larráun-Leitzaldea
65%
Prepirineo
65%
Ribera Alta
65%
Comarca de Sangüesa
60%
Zona Media
60%
Sakana
58%
Ribera Estellesa
56%
Los Valles
46%
Montejurra
29%
Valdizarbe-Novenera
23%
No se encontraron pruebas coincidentes
Distribución de puntuación
Porcentaje de gente con cada puntuación
Porcentaje por número respondido
Historial de tus puntuaciones
No has intentado esta prueba.